000 008120000a22002410004500
003 dpl
005 20081031092922.0
008 081031t xxu||||| |||| 00| 0 eng d
010 _aENG-84640
020 _a8170210550
020 _c95.00 (pbk)
035 _aEN-68173
040 _cdpl
082 _a615.845
100 _aBansal, H L
245 _aMagneto therapy:
_bself-help book /
_cby H L Bansal abd R S Nasal
260 _aNew Delhi
_bHealth Harmony
_c2005(rpr)
300 _axvi,282p
_c22cm
500 _aIncludes bibliographical references and index
700 _aBansal, R S
_cjt auth
942 _2ddc
_cEN
_h615.845
_mBAN
999 _c17944
_d17944